| 000 | 01515nam a22002898a 4500 | ||
|---|---|---|---|
| 001 | CR9781107325135 | ||
| 003 | UkCbUP | ||
| 005 | 20170413094212.0 | ||
| 006 | m|||||o||d|||||||| | ||
| 007 | cr|||||||||||| | ||
| 008 | 130124s2013||||enk s ||1 0|eng|d | ||
| 020 | _a9781107325135 (ebook) | ||
| 020 | _z9781107042230 (hardback) | ||
| 020 | _z9781107640795 (paperback) | ||
| 040 |
_aUkCbUP _cUkCbUP _erda |
||
| 050 | 0 | 0 |
_aJZ1318 _b.O63 2013 |
| 082 | 0 | 0 |
_a341.2 _223 |
| 100 | 1 |
_aTallberg, Jonas, _eauthor. |
|
| 245 | 1 | 4 |
_aThe Opening Up of International Organizations : _bTransnational Access in Global Governance / _cJonas Tallberg, Thomas Sommerer, Theresa Squatrito, Christer Jönsson. |
| 264 | 1 |
_aCambridge : _bCambridge University Press, _c2013. |
|
| 300 |
_a1 online resource (334 pages) : _bdigital, PDF file(s). |
||
| 336 |
_atext _btxt _2rdacontent |
||
| 337 |
_acomputer _bc _2rdamedia |
||
| 338 |
_aonline resource _bcr _2rdacarrier |
||
| 500 | _aTitle from publisher's bibliographic system (viewed on 09 Oct 2015). | ||
| 520 | _aOnce the exclusive preserve of member states, international organizations have become increasingly open in recent decades. Now virtually all international organizations at some level involve NGOs, business actors and scientific experts in policy-making. This book offers the first systematic and comprehensive analysis of this development. Combining statistical analysis and in-depth case studies, it maps and explains the openness of international organizations across | ||
| 999 |
_c179553 _d179553 |
||